000 00615nam a22002057a 4500
005 20251108173349.0
008 250721s2005 xx 000 0 ara d
020 _a9953780072
082 1 4 _aط/ق/صاب
100 1 _aصابر، مجدي
245 1 0 _aقرصان الفضاء /
264 1 _aبيروت :
_bدار الجيل،
_c2005.
300 _a59ص. : مص
490 0 _aمكتبة أجمل الحكايات
650 1 7 _aالقصص العربية
653 _a(سنوات 9-6) أطفال مرحلة متوسطة
700 1 _aغنطوس، سمير
_eCart.
942 _2ddc
_cBK
999 _c102190
_d102190